Top 50 NHL Defensemen of All Time - Statistics

General Stats
  • This quiz has been taken 194 times
    191 since last reset
  • The average score is 27 of 50
Answer Stats
# Team Career Player % Correct
1 Bruins 1967-1979 Bobby Orr
98%
3 Red Wings 1992-2012 Nicklas Lidström
95%
2 Bruins 1980-2001 Ray Bourque
95%
4 Oilers 1981-2001 Paul Coffey
88%
22 Avalanche 2020-Present Cale Makar
87%
27 Senators* 2010-Present Erik Karlsson
85%
29 Kings 2009-Present Drew Doughty
83%
13 Devils 1983-2004 Scott Stevens
83%
6 Flames 1982-2004 Al MacInnis
82%
23 Lightning 2010-Present Victor Hedman
82%
10 Blackhawks 1984-2010 Chris Chelios
79%
5 Islanders 1974-1988 Denis Potvin
79%
32 Blackhawks 2006-2022 Duncan Keith
79%
28 Penguins 2007-Present Kris Letang
78%
26 Bruins 1998-2022 Zdeno Chára
78%
7 Canadiens 1973-1992 Larry Robinson
76%
35 Predators 2012-Present Roman Josi
76%
11 Rangers 1988-2006 Brian Leetch
74%
15 Blues 1994-2012 Chris Pronger
74%
18 Devils 1992-2010 Scott Niedermayer
72%
31 Sharks* 2004-Present Brent Burns
68%
47 Capitals 2010-Present John Carlson
68%
19 Stars 1993-2009 Sergei Zubov
66%
37 Predators 2006-2021 Shea Weber
66%
34 Kings 1990-2010 Rob Blake
61%
43 Blues* 2009-Present Alex Pietrangelo
60%
17 Sabres 1983-2003 Phil Housley
54%
48 Maple Leafs 1974-1990 Börje Salming
48%
33 Canadiens 1967-1983 Serge Savard
48%
16 Canadiens 1948-1969 Doug Harvey
45%
8 Bruins 1927-1940 Eddie Shore
42%
42 Maple Leafs 1950-1974 Tim Horton
41%
25 Flyers 1974-1995 Mark Howe
40%
9 Red Wings 1948-1967 Red Kelly
40%
21 Canadiens 1969-1984 Guy Lapointe
37%
24 Capitals 1995-2015 Sergei Gonchar
36%
36 Flames 1986-2002 Gary Suter
35%
12 Capitals 1981-2001 Larry Murphy
35%
14 Bruins 1969-1985 Brad Park
33%
45 Black Hawks 1978-1993 Doug Wilson
31%
41 Black Hawks 1956-1969 Pierre Pilote
30%
44 Flyers 1989-2006 Éric Desjardins
26%
49 Avalanche 1993-2008 Sandis Ozoliņš
23%
39 Devils 2000-2011 Brian Rafalski
17%
38 Canadiens 1988-2010 Mathieu Schneider
14%
20 Senators 1922-1937 King Clancy
12%
50 Canadiens 1960-1972 J. C. Tremblay
11%
46 Kings 1987-2002 Steve Duchesne
10%
30 Senators 1918-1932 Georges Boucher
3%
40 Bruins 1934-1946 Flash Hollett
2%
No matching quizzes found
Score Distribution
Percent of People with Each Score
Percentile by Number Answered
Your Score History
You have not taken this quiz since the last reset